5HLuxD.jpg

KING HENRY VIII SENIOR AND PRIMARY SCHOOL LIBRARY OPAC

REVENGE OF THE TOXIC SPACE POTATO (Record no. 5972)

000 -LEADER
fixed length control field 00689nam a22002057a 4500
005 - DATE AND TIME OF LATEST TRANSACTION
control field 20260106113026.0
008 - FIXED-LENGTH DATA ELEMENTS--GENERAL INFORMATION
fixed length control field 260106b ||||| |||| 00| 0 eng d
020 ## - INTERNATIONAL STANDARD BOOK NUMBER
International Standard Book Number 9781761066771
040 ## - CATALOGING SOURCE
Transcribing agency KH8
082 ## - DEWEY DECIMAL CLASSIFICATION NUMBER
Classification number 741.5 MAR
100 ## - MAIN ENTRY--PERSONAL NAME
Personal name MARLTON,ANDREW
Relator term -1
245 ## - TITLE STATEMENT
Title REVENGE OF THE TOXIC SPACE POTATO
260 ## - PUBLICATION, DISTRIBUTION, ETC.
Place of publication, distribution, etc. Cammeraygal Country,83 Alexander Street,Crows Nest NSW 2065,Australia
Name of publisher, distributor, etc. Allen & Unwin
Date of publication, distribution, etc. 2024
300 ## - PHYSICAL DESCRIPTION
Extent 190 pages
Other physical details Colour illustration
Dimensions 15 cm x 21 cm
520 ## - SUMMARY, ETC.
Summary, etc. Can their trusty sidekicks, Stuart the wobble gong and Beverly the sourdough starter, come to the rescue?
650 ## - SUBJECT ADDED ENTRY--TOPICAL TERM
Topical term or geographic name entry element Juvenile Fiction
655 ## - INDEX TERM--GENRE/FORM
Genre/form data or focus term Comic
655 ## - INDEX TERM--GENRE/FORM
Genre/form data or focus term Humour
942 ## - ADDED ENTRY ELEMENTS (KOHA)
Source of classification or shelving scheme
Koha item type Graphic Novel
Holdings
Withdrawn status Lost status Source of classification or shelving scheme Damaged status Not for loan Collection code Permanent Location Current Location Shelving location Date acquired Total Checkouts Full call number Barcode Date due Date last seen Date last checked out Price effective from Koha item type Public note
          Fiction KH8 Primary School Library KH8 Primary School Library Graphic Novel 2026-01-06 7 741.5 MAR KHPL000008041 2026-04-17 2026-04-09 2026-04-09 2026-01-06 Graphic Novel PRIMARY LIBRARY

Powered By KH8 IT Dept